Statistics for The Dictator Files: Saddam Hussein

Click here to take the quiz!

General Stats

  • This quiz has been taken 11,630 times
  • The average score is 9 of 15

Answer Stats

HintAnswer% Correct
Country which Iraq fought a war against from 1980–1988Iran
98%
Country which Iraq invaded in 1990Kuwait
94%
U.S. President during the U.S. invasion of Iraq in 2003George W. Bush
91%
War in which a U.S. led coalition liberated the above countryGulf War
81%
To the nearest percent, the percent of votes that Saddam supposedly won in
1995 and 2002 referendums
100%
80%
Method of execution used on Saddam in 2006Hanging
80%
Ethnic group which Saddam targeted in the Anfal genocide of the late 1980sKurds
also Assyrians
78%
Type of weapons used against those peopleChemical
76%
Political party that Saddam Hussein ledIraqi Ba'ath Party
48%
Book that Saddam comissioned to be written using his own bloodQuran
48%
Type of ecological disaster deliberately caused by fleeing troops in that warOil spill / oil fires
44%
In 1980, Saddam Hussein received the key to this major American city,
known for its large Iraqi population
Detroit
35%
Name one of Saddam's two sonsUday / Qusay
28%
Saddam's hometown (starts with T)Tikrit
27%
Ancient group of people who were targeted by the draining of wetlands
in Southern Iraq
{Marsh} Arabs
14%

Score Distribution

Percentile by Number Answered

Percent of People with Each Score

Your Score History

You have not taken this quiz